000 01264nam a2200313 i 4500
001 6165
003 ES-MaACL
005 20250820063019.0
007 t|
008 890822e1987 sp a||||rc||||00110 spa
017 _aM 41483-1987
_bOficina Depósito Legal Madrid
020 _a84-86630-10-X
080 _a762(460):069.538
110 2 _aCalcografía Nacional (España)
_eisb
_92350
245 1 0 _aCatálogo general de la Calcografía Nacional /
_cCalcografía Nacional ; [con la colaboración de Juan Carrete Parrondo ... (et al.)]
260 _aMadrid :
_bReal Academia de Bellas Artes de San Fernando,
_c1987
300 _aXVII, 374 páginas, [368] páginas de láminas ;
_c25 cm
594 _aPatrocinador: Fundación Ramón Areces
610 2 4 _aCalcografía Nacional (España)-
_vCatálogos
_92351
650 4 _aCalcografía-
_zEspaña
_910667
700 1 _aCarrete Parrondo, Juan,
_d1944-2023
_eclb
_935710
710 2 _aReal Academia de Bellas Artes de San Fernando
_eedt
_96291
710 2 _aFundación Ramón Areces
_espn
_94401
852 4 _aES-MaACL
_bR.115703
_cDEPO2
_jL-13343
_xTela
852 4 _aES-MaACL
_bR.115431
_cDEPO2
_jL-13344
_xTela
942 _2udc
_cMONOGRAFIA
_n0
999 _c6165
_d6165